El amor de los dioses y de los héroes / (Record no. 24047)

MARC details
000 -LEADER
campo de control de longitud fija 00723nam a2200217 i 4500
001 - NÚMERO DE CONTROL
campo de control 24047
003 - IDENTIFICADOR DE NÚMERO DE CONTROL
campo de control ES-MaACL
005 - FECHA Y HORA DE LA ÚLTIMA TRANSACCIÓN
campo de control 20250930063038.0
007 - CAMPO FIJO DE DESCRIPCIÓN FÍSICA--INFORMACIÓN GENERAL
campo de control de longitud fija t|
008 - DATOS DE LONGITUD FIJA--INFORMACIÓN GENERAL
campo de control de longitud fija 021213s1961 sp ||||1| spa d
100 1# - ENTRADA PRINCIPAL--NOMBRE DE PERSONA
Nombre de persona Clarasó, Noel,
Fechas asociadas al nombre 1899-1985
9 (RLIN) 39003
245 13 - MENCIÓN DEL TÍTULO
Título El amor de los dioses y de los héroes /
Mención de responsabilidad, etc. Noel Clarasó ; con 29 litografías de Juan Palet.
250 ## - MENCION DE EDICION
Mención de edición 1ª ed.
260 ## - PUBLICACIÓN, DISTRIBUCIÓN, ETC.
Lugar de publicación, distribución, etc. Barcelona :
Nombre del editor, distribuidor, etc. Aymá,
Fecha de publicación, distribución, etc. 1961.
300 ## - DESCRIPCIÓN FÍSICA
Extensión 253 p. :
Otras características físicas il. ;
Dimensiones 27 cm.
490 1# - MENCIÓN DE SERIE
Mención de serie Las más bellas historias y leyendas de amor ;
Designación de volumen o secuencia 1
650 #4 - PUNTO DE ACCESO ADICIONAL DE MATERIA--TÉRMINO DE MATERIA
Término de materia o nombre geográfico como elemento de entrada Amor-
Subdivisión general Mitología.
9 (RLIN) 159813
830 1# - PUNTO DE ACCESO ADICIONAL DE SERIE-TÍTULO UNIFORME
Título uniforme Las más bellas historias y leyendas de amor ;
Designación de volumen o secuencia 1
9 (RLIN) 229069
852 ## - LOCALIZACIÓN
Ubicación ES-MaACL
Número de control de estantería G-6175
Holdings
Estatus retirado Estado de pérdida Estado de daño No para préstamo Biblioteca de origen Biblioteca actual Ubicación en estantería Fecha de adquisición Fuente de adquisición Total de préstamos Signatura topográfica completa Código de barras Visto por última vez Precio de reemplazo Tipo de ítem Koha
        Biblioteca del Ateneo de Madrid Biblioteca del Ateneo de Madrid Depósito 2 17/01/2008     G-6175 1024784 23/02/2023 23/02/2023 Libro impreso